书目信息 |
| 题名: |
响鼓重槌
|
|
| 作者: | 张振涛 著 | |
| 分册: | ||
| 出版信息: | 南京 江苏凤凰文艺出版社 2017 |
|
| 页数: | 351页 | |
| 开本: | 24cm | |
| 丛书名: | ||
| 单 册: | ||
| 中图分类: | K825.76 , J6-53 | |
| 科图分类: | ||
| 主题词: | 音乐家--生平事迹--中国--现代 , 音乐--文集 | |
| 电子资源: | ||
| ISBN: | 978-7-5399-9703-2 | |
| 000 | 01115nam0 2200265 450 | |
| 001 | 2371671035 | |
| 005 | 20231216195446.82 | |
| 010 | @a978-7-5399-9703-2@dCNY59.00 | |
| 100 | @a20170308d2017 em y0chiy50 ea | |
| 101 | 0 | @achi |
| 102 | @aCN@b320000 | |
| 105 | @aac z 000yd | |
| 200 | 1 | @a响鼓重槌@Axiang gu chong chui@e张振涛音乐文集@f张振涛著 |
| 210 | @a南京@c江苏凤凰文艺出版社@d2017 | |
| 215 | @a351页@c图, 肖像@d24cm | |
| 314 | @a张振涛, 中国艺术研究院音乐研究所研究员、博士研究生导师, 中国音乐学院特聘教授, 广西艺术学院民族艺术研究所特聘教授。 | |
| 330 | @a本书共收入作者为中国艺术研究院音乐研究所七位著名音乐学家、中央民族乐团八位国家级演奏家、其他音乐家所写的一组性质相同的文章。学术性与普及性互见, 可读性强。作者采用人物传记与学术研究的两种方式, 记录了大历史环境下的音乐家事迹, 其艺术生涯, 具有深深的时代烙印。 | |
| 517 | 1 | @a张振涛音乐文集@Azhang zhen tao yin le wen ji |
| 606 | 0 | @a音乐家@x生平事迹@y中国@z现代 |
| 606 | 0 | @a音乐@j文集 |
| 690 | @aK825.76@v5 | |
| 690 | @aJ6-53@v5 | |
| 701 | 0 | @a张振涛@Azhang zhen tao@4著 |
| 801 | 0 | @aCN@b湖北三新@c20170308 |
| 905 | @aZUCC@dK825.76@e49 | |
| 响鼓重槌:张振涛音乐文集/张振涛著.-南京:江苏凤凰文艺出版社,2017 |
| 351页:图, 肖像;24cm |
| ISBN 978-7-5399-9703-2:CNY59.00 |
| 本书共收入作者为中国艺术研究院音乐研究所七位著名音乐学家、中央民族乐团八位国家级演奏家、其他音乐家所写的一组性质相同的文章。学术性与普及性互见, 可读性强。作者采用人物传记与学术研究的两种方式, 记录了大历史环境下的音乐家事迹, 其艺术生涯, 具有深深的时代烙印。 |
| ● |
| 相关链接 |
|
|
|
正题名:响鼓重槌
索取号:K825.76/49
 
预约/预借
| 序号 | 登录号 | 条形码 | 馆藏地/架位号 | 状态 | 备注 |
| 1 | 2001667504 | 2001667504 | 411书库/ [索取号:K825.76/49] | 在馆 | |
| 2 | 2001667505 | 2001667505 | 411书库/ [索取号:K825.76/49] | 在馆 | |
| 3 | 2001667506 | 2001667506 | 411书库/ [索取号:K825.76/49] | 在馆 | |
| 4 | 2001667507 | 2001667507 | 411书库/ [索取号:K825.76/49] | 在馆 | |
| 5 | 2001667508 | 2001667508 | 411书库/ [索取号:K825.76/49] | 在馆 | |
| 6 | 2001667509 | 2001667509 | 411书库/ [索取号:K825.76/49] | 在馆 | |
| 7 | 2001667510 | 2001667510 | 411书库/ [索取号:K825.76/49] | 在馆 | |
| 8 | 2001667511 | 2001667511 | 411书库/ [索取号:K825.76/49] | 在馆 | |
| 9 | 2001667512 | 2001667512 | 411书库/ [索取号:K825.76/49] | 在馆 | |
| 10 | 2001667513 | 2001667513 | 411书库/ [索取号:K825.76/49] | 在馆 | |
| 11 | 2001667514 | 2001667514 | 411书库/ [索取号:K825.76/49] | 在馆 | |
| 12 | 2001667515 | 2001667515 | 411书库/ [索取号:K825.76/49] | 在馆 | |
| 13 | 2001667516 | 2001667516 | 411书库/ [索取号:K825.76/49] | 在馆 | |
| 14 | 2001667517 | 2001667517 | 411书库/ [索取号:K825.76/49] | 在馆 | |
| 15 | 2001667518 | 2001667518 | 411书库/ [索取号:K825.76/49] | 在馆 | |
| 16 | 2001667519 | 2001667519 | 411书库/ [索取号:K825.76/49] | 在馆 | |
| 17 | 2001667520 | 2001667520 | 411书库/ [索取号:K825.76/49] | 在馆 | |
| 18 | 2001667521 | 2001667521 | 411书库/ [索取号:K825.76/49] | 在馆 | |
| 19 | 2001667522 | 2001667522 | 411书库/ [索取号:K825.76/49] | 在馆 | |
| 20 | 2001667523 | 2001667523 | 411书库/ [索取号:K825.76/49] | 在馆 | |
| 21 | 2001667524 | 2001667524 | 411书库/ [索取号:K825.76/49] | 在馆 | |
| 22 | 2001667525 | 2001667525 | 411书库/ [索取号:K825.76/49] | 在馆 | |
| 23 | 2001667526 | 2001667526 | 411书库/ [索取号:K825.76/49] | 在馆 | |
| 24 | 2001667527 | 2001667527 | 411书库/ [索取号:K825.76/49] | 在馆 | |
| 25 | 2001667528 | 2001667528 | 411书库/ [索取号:K825.76/49] | 在馆 | |
| 26 | 2001667529 | 2001667529 | 411书库/ [索取号:K825.76/49] | 在馆 | |
| 27 | 2001667530 | 2001667530 | 411书库/ [索取号:K825.76/49] | 在馆 | |
| 28 | 2001667531 | 2001667531 | 411书库/ [索取号:K825.76/49] | 在馆 | |
| 29 | 2001667532 | 2001667532 | 411书库/ [索取号:K825.76/49] | 在馆 | |
| 30 | 2001667533 | 2001667533 | 411书库/ [索取号:K825.76/49] | 在馆 |